Geography Quiz

Random Geography or State Quiz
Score 0/50 Timer 05:00
1 Play Today
% Correct
Texas
93.1%
California
92.7%
Florida
92.6%
Alaska
92.5%
Hawaii
91.5%
Washington
91.2%
North Dakota
90.9%
South Dakota
90.7%
Maine
90.1%
New York
89.9%
Nevada
89.4%
South Carolina
89.4%
New Mexico
89.2%
Oregon
89%
Pennsylvania
88.5%
North Carolina
88.5%
Tennessee
88.4%
Montana
88.4%
Georgia
88.3%
Louisiana
88.2%
Virginia
87.9%
Arizona
87.7%
Idaho
87.5%
West Virginia
87.3%
Oklahoma
87.3%
% Correct
Michigan
87.1%
New Jersey
86.5%
Utah
86.5%
Kentucky
86.3%
Ohio
86%
Illinois
85.8%
Rhode Island
85.6%
Minnesota
85.4%
Massachusetts
85.3%
Indiana
85.2%
Colorado
85%
Kansas
84.4%
Wisconsin
84.3%
Wyoming
84.3%
Mississippi
84.3%
Maryland
84.1%
Alabama
84.1%
Connecticut
83.4%
Iowa
82.9%
Nebraska
82.5%
Arkansas
82.5%
New Hampshire
82.2%
Missouri
82.2%
Vermont
81.6%
Delaware
81.3%
Remove Ads.
Support Sporcle.
Get the best of Sporcle when you Go Orange. This ad-free experience offers more features, more stats, and more fun while also helping to support Sporcle. Thank you for becoming a member.

You're not logged in!

Compare scores with friends on all Sporcle quizzes.
OR
Log In

Show Comments

Extras

Top Quizzes Today


Score Distribution

Your Account Isn't Verified!

In order to create a playlist on Sporcle, you need to verify the email address you used during registration. Go to your Sporcle Settings to finish the process.

Report this User

Report this user for behavior that violates our Community Guidelines.

Details: